LEADER 01031nam0 2200325 450 001 000022789 005 20090210131856.0 100 $a20090210d1970----km-y0itay50------ba 101 1 $aita$ceng 102 $aIT 105 $ay-------001yy 200 1 $a<>stato nella societŕ capitalistica$fRalph Miliband 210 $aBari$cLaterza$d1970 215 $aVII, 333 p.$d20 cm 225 2 $aLibri del tempo Laterza$v117 300 $aTrad. di Luca Trevisani. 410 0$12001$aLibri del tempo Laterza 500 10$a<>State in capitalist society$m$945875 610 1 $aCapitalismo 610 1 $aStato 676 $a320.1$v17$9Stato e governo 676 $a320.1$v19$9Stato 676 $a330.122$v19$9Sistemi economici. Libera iniziativa 700 1$aMiliband,$bRalph$049322 702 1$aTrevisani,$bLuca$4070 801 0$aIT$bUNIPARTHENOPE$c20090210$gRICA$2UNIMARC 912 $a000022789 951 $a051/50$b598/L/CNR$cNAVA2 996 $aState in capitalist society$945875 997 $aUNIPARTHENOPE LEADER 05626nam 22006495 450 001 9910584481803321 005 20251113174429.0 010 $a3-662-65167-X 024 7 $a10.1007/978-3-662-65167-4 035 $a(MiAaPQ)EBC7045784 035 $a(Au-PeEL)EBL7045784 035 $a(CKB)24266033700041 035 $a(PPN)26389780X 035 $a(MiAaPQ)EBC7263248 035 $a(OCoLC)1337159452 035 $a(DE-He213)978-3-662-65167-4 035 $a(EXLCZ)9924266033700041 100 $a20220715d2022 u| 0 101 0 $aeng 135 $aurcnu|||||||| 181 $ctxt$2rdacontent 182 $cc$2rdamedia 183 $acr$2rdacarrier 200 10$aData Warehouse Systems $eDesign and Implementation /$fby Alejandro Vaisman, Esteban Zimányi 205 $a2nd ed. 2022. 210 1$aBerlin, Heidelberg :$cSpringer Berlin Heidelberg :$cImprint: Springer,$d2022. 215 $a1 online resource (713 pages) 225 1 $aData-Centric Systems and Applications,$x2197-974X 311 08$aPrint version: Vaisman, Alejandro Data Warehouse Systems Berlin, Heidelberg : Springer Berlin / Heidelberg,c2022 9783662651667 320 $aIncludes bibliographical references (pages 647-665) and index. 327 $aPart I: Fundamental Concepts -- 1. Introduction -- 2. Database Concepts -- 3. Data Warehouse Concepts -- 4. Conceptual Data Warehouse Design -- 5. Logical Data Warehouse Design -- 6. Data Analysis in Data Warehouses -- 7. Data Analysis in the Northwind Data Warehouse -- Part II: Implementation and Deployment -- 9. Physical Data Warehouse Design -- 9. Extraction, Transformation, and Loading -- 10. A Method for Data Warehouse Design -- Part III: Advanced Topics -- 11. Temporal and Multiversion Data Warehouses -- 12. Spatial and Mobility Data Warehouses -- 13. Graph Data Warehouses -- 14. Semantic Web Data Warehouses -- 15. Recent Developments in Big Data Warehouses. 330 $aWith this textbook, Vaisman and Zimányi deliver excellent coverage of data warehousing and business intelligence technologies ranging from the most basic principles to recent findings and applications. To this end, their work is structured into three parts. Part I describes ?Fundamental Concepts? including conceptual and logical data warehouse design, as well as querying using MDX, DAX and SQL/OLAP. This part also covers data analytics using Power BI and Analysis Services. Part II details ?Implementation and Deployment,? including physical design, ETL and data warehouse design methodologies. Part III covers ?Advanced Topics? and it is almost completely new in this second edition. This part includes chapters with an in-depth coverage of temporal, spatial, and mobility data warehousing. Graph data warehouses are also covered in detail using Neo4j. The last chapter extensively studies big data management and the usage of Hadoop, Spark, distributed, in-memory, columnar, NoSQL and NewSQLdatabase systems, and data lakes in the context of analytical data processing. As a key characteristic of the book, most of the topics are presented and illustrated using application tools. Specifically, a case study based on the well-known Northwind database illustrates how the concepts presented in the book can be implemented using Microsoft Analysis Services and Power BI. All chapters have been revised and updated to the latest versions of the software tools used. KPIs and Dashboards are now also developed using DAX and Power BI, and the chapter on ETL has been expanded with the implementation of ETL processes in PostgreSQL. Review questions and exercises complement each chapter to support comprehensive student learning. Supplemental material to assist instructors using this book as a course text is available online and includes electronic versions of the figures, solutions to all exercises, and a set of slides accompanying each chapter. Overall, students, practitioners and researchers alike will find this book the most comprehensive reference work on data warehouses, with key topics described in a clear and educational style. ?I can only invite you to dive into the contents of the book, feeling certain that once you have completed its reading (or maybe, targeted parts of it), you will join me in expressing our gratitude to Alejandro and Esteban, for providing such a comprehensive textbook for the field of data warehousing in the first place, and for keeping it up to date with the recent developments, in this current second edition.? From the foreword by Panos Vassiliadis, University of Ioannina, Greece. 410 0$aData-Centric Systems and Applications,$x2197-974X 606 $aDatabase management 606 $aInformation storage and retrieval systems 606 $aInformation technology$xManagement 606 $aDatabase Management 606 $aInformation Storage and Retrieval 606 $aBusiness IT Infrastructure 606 $aComputer Application in Administrative Data Processing 615 0$aDatabase management. 615 0$aInformation storage and retrieval systems. 615 0$aInformation technology$xManagement. 615 14$aDatabase Management. 615 24$aInformation Storage and Retrieval. 615 24$aBusiness IT Infrastructure. 615 24$aComputer Application in Administrative Data Processing. 676 $a658.40380285574 700 $aVaisman$b Alejandro$0859921 702 $aZima?nyi$b Esteban 801 0$bMiAaPQ 801 1$bMiAaPQ 801 2$bMiAaPQ 906 $aBOOK 912 $a9910584481803321 996 $aData Warehouse Systems$91918835 997 $aUNINA